Theorie und Empirie: e. Ringvorlesung
| Contributors: | |
|---|---|
| Format: | Print Book |
| Language: | German |
| Published: |
Bremen
Pressestelle Uni Bremen, Zentrum Philos. Grundlagen d. Wiss., Fachbereich 10
[1987]
|
| In: |
Schriftenreihe / Zentrum Philosophische Grundlagen der Wissenschaften, Universität Bremen (5)
Year: 1987 |
| Online Access: |
Table of Contents |
| Availability in Tübingen: | Present in Tübingen. IFK: Q II 168 |
| Check availability: | HBZ Gateway |
| Subito Delivery Service: | Order now. |
| Keywords: |
MARC
| LEADER | 00000cam a2200000 c 4500 | ||
|---|---|---|---|
| 001 | 273343718 | ||
| 003 | DE-627 | ||
| 005 | 20260206202250.0 | ||
| 007 | tu | ||
| 008 | 990101s1987 gw ||||| 00| ||ger c | ||
| 015 | |a 88,B07,0010 |2 dnb | ||
| 016 | 7 | |a 880133945 |2 DE-101 | |
| 020 | |a 3887221591 |9 3-88722-159-1 | ||
| 035 | |a (DE-627)273343718 | ||
| 035 | |a (DE-603)001241621 | ||
| 035 | |a (DE-576)013525476 | ||
| 035 | |a (DE-599)GBV273343718 | ||
| 035 | |a (OCoLC)165994929 | ||
| 035 | |a (OCoLC)99651209 | ||
| 040 | |a DE-627 |b ger |c DE-627 |e rakwb | ||
| 041 | |a ger | ||
| 044 | |c XA-DE | ||
| 084 | |a 01 |2 sdnb | ||
| 084 | |a CC 3200 |2 rvk |0 (DE-625)rvk/17614: | ||
| 084 | |a CC 3100 |2 rvk |0 (DE-625)rvk/17613: | ||
| 084 | |a CB 4150 |2 rvk |0 (DE-625)rvk/17586: | ||
| 084 | |a 08.32 |2 bkl | ||
| 245 | 0 | 0 | |a Theorie und Empirie |b e. Ringvorlesung |c hrsg. im Auftr. d. Zentrum Philos. Grundlagen d. Wiss. von Gerhard Pasternack |
| 264 | 1 | |a Bremen |b Pressestelle Uni Bremen, Zentrum Philos. Grundlagen d. Wiss., Fachbereich 10 |c [1987] | |
| 300 | |a 305 S |b graph. Darst., Noten |c 8° | ||
| 336 | |a Text |b txt |2 rdacontent | ||
| 337 | |a ohne Hilfsmittel zu benutzen |b n |2 rdamedia | ||
| 338 | |a Band |b nc |2 rdacarrier | ||
| 490 | 1 | |a Schriftenreihe / Zentrum Philosophische Grundlagen der Wissenschaften |v 5 | |
| 500 | |a Literaturangaben | ||
| 650 | 4 | |a Wissenschaftstheorie | |
| 650 | 4 | |a Erfahrung | |
| 650 | 4 | |a Empirismus | |
| 655 | 7 | |a Aufsatzsammlung |0 (DE-588)4143413-4 |0 (DE-627)105605727 |0 (DE-576)209726091 |2 gnd-content | |
| 689 | 0 | 0 | |d s |0 (DE-588)4014610-8 |0 (DE-627)106339370 |0 (DE-576)20890865X |a Empirismus |2 gnd |
| 689 | 0 | 1 | |d s |0 (DE-588)4059787-8 |0 (DE-627)106142275 |0 (DE-576)209132256 |a Theorie |2 gnd |
| 689 | 0 | 2 | |d s |0 (DE-588)4152104-3 |0 (DE-627)105540749 |0 (DE-576)209792922 |a Empirie |2 gnd |
| 689 | 0 | |5 (DE-627) | |
| 700 | 1 | |a Pasternack, Gerhard |e Hrsg. |4 edt | |
| 810 | 2 | |a Zentrum Philosophische Grundlagen der Wissenschaften |g Bremen |t Schriftenreihe / Zentrum Philosophische Grundlagen der Wissenschaften, Universität Bremen |v 5 |9 5 |w (DE-627)131101145 |w (DE-576)012165077 |w (DE-600)1118190-4 |7 am | |
| 856 | 4 | 2 | |u http://scans.hebis.de/HEBCGI/show.pl?00124162_toc.pdf |m V:DE-605 |q application/pdf |3 Inhaltsverzeichnis |7 1 |
| 889 | |w (DE-627)013221779 | ||
| 935 | |i mdedup | ||
| 935 | |h HEB |i 0501 | ||
| 935 | |h HEB |i 0503 | ||
| 936 | r | v | |a CC 3200 |b Abhandlungen zur allgemeinen Wissenschaftstheorie |k Philosophie |k Systematische Philosophie |k Allgemeine Wissenschaftstheorie |k Abhandlungen zur allgemeinen Wissenschaftstheorie |0 (DE-627)1270638769 |0 (DE-625)rvk/17614: |0 (DE-576)200638769 |
| 936 | r | v | |a CC 3100 |b Einführungen, Lehrbücher, Sammelbände etc. |k Philosophie |k Systematische Philosophie |k Allgemeine Wissenschaftstheorie |k Einführungen, Lehrbücher, Sammelbände etc. |0 (DE-627)1270638750 |0 (DE-625)rvk/17613: |0 (DE-576)200638750 |
| 936 | r | v | |a CB 4150 |b Aufsatzsammlungen verschiedener Gelehrter |k Philosophie |k Allgemeines |k Lexika, Nachschlagewerke, Enzyklopädien, Gesammelte Abhandlungen |k Aufsatzsammlungen verschiedener Gelehrter |0 (DE-627)1270638572 |0 (DE-625)rvk/17586: |0 (DE-576)200638572 |
| 936 | b | k | |a 08.32 |j Erkenntnistheorie |0 (DE-627)106415263 |
| 936 | s | n | |a c100 |2 mzub |
| 936 | s | n | |a a100 |2 mzub |
| 951 | |a BO | ||
| ELC | |b 1 | ||
| LOK | |0 000 xxxxxcx a22 zn 4500 | ||
| LOK | |0 001 327971365X | ||
| LOK | |0 003 DE-627 | ||
| LOK | |0 004 273343718 | ||
| LOK | |0 005 20020607000000 | ||
| LOK | |0 008 930716||||||||||||||||ger||||||| | ||
| LOK | |0 040 |a DE-21-110 |c DE-627 |d DE-21-110 | ||
| LOK | |0 852 |a DE-21-110 | ||
| LOK | |0 852 1 |c Q II 168 |m p |9 00 | ||
| LOK | |0 935 |a k110 | ||
| LOK | |0 936ln |a 1.6 | ||
| LOK | |0 938 |k p | ||
| LOK | |0 939 |a 16-07-93 |b l01 | ||
| ORI | |a SA-MARC-krimdoka001.raw | ||
| SIG | |a IFK: Q II 168 | ||
